000 01142cam a2200277 a 4500
005 20260311193025.0
008 030203s2002 couabf b 001 0 eng d
020 _a0813340780
020 _a9780813340784
040 _aKABLIB
_cKABLIB
_erda
082 _223
_a327.56
_bTEL
100 1 _aTelhami, Shibley.
_915712
245 1 4 _aThe stakes :
_bAmerica and the Middle East : the consequences of power and the choice for peace /
_cShibley Telhami.
246 3 0 _aAmerica and the Middle East
246 3 0 _aConsequences of power and the choice for peace
260 _aBoulder, Colo. :
_bWestview Press,
_cc2002.
300 _axiii, 204 p. :
_bill., maps ;
_c22 cm.
504 _aIncludes bibliographical references (p. 185-188), index.
650 0 _aArab-Israeli conflict
_y1993-
_xPeace.
_915713
650 0 _aTerrorism
_zMiddle East.
_915714
651 0 _aMiddle East
_xForeign relations
_zUnited States.
_915715
651 0 _aUnited States
_xForeign relations
_zMiddle East.
_915716
651 0 _aUnited States
_xForeign relations
_y20th century.
_915509
651 0 _aMiddle East
_xPolitics and government
_y20th century.
_915717
942 _2ddc
_cBOOK
999 _c6181
_d6181